[Event "HUN-ch Rapid 2018"]
[Site "Ajka"]
[Date "2018.07.20"]
[Round "1"]
[White "Pais, Nimrod"]
[Black "Erdos, Viktor"]
[Result "0-1"]
[WhiteElo "1962"]
[BlackElo "2617"]
[Annotator "TA"]
[PlyCount "109"]
[EventDate "2018.07.20"]
[EventType "swiss"]
[EventCountry "HUN"]
[SourceTitle "playchess.com"]
[Source "ChessBase"]
[SourceQuality "1"]

{[%evp 13,109,-6,-6,-13,-13,-21,-18,-71,-64,-84,-72,-133,-127,-132,-157,-217,-186,-203,-150,-227,-227,-234,-227,-251,-236,-239,-169,-172,-175,-165,-177,-166,-157,-157,-150,-147,-135,-160,-157,-162,-147,-151,-89,-139,-139,-134,-126,-128,-117,-158,-161,-164,-147,-163,-168,-166,0,-176,-151,-462,-245,-242,-242,-242,-240,-236,-220,-255,-256,-285,-197,-554,-233,-539,-418,-521,-500,-869,-801,-845,-844,-716,-670,-1986,-492,-460,-443,-591,-587,-1125,-1092,-1488,-1480,-29993,-29994,-29997,-29997,-29998]} 1. d4 Nf6 2. e3 c5 3. Bd3 Qc7 4. c3 g6 5. Nd2 Bg7 6. Ngf3 {A45: Trompowsky Attack} d5 7. O-O (7. Ne5 O-O 8. O-O b6 9. Qe2 a5 10. b3 a4 11. b4 Nc6 12. Nxc6 Qxc6 13. bxc5 bxc5 {0-1 (61) Karakehajov,K (2508)-Petkov,V (2522) Sunny Beach 2012}) 7... O-O {LiveBook: 18 Games} 8. h3 {The position is equal.} b6 $146 ({Predecessor:} 8... Nbd7 9. Re1 Rd8 10. Qe2 e5 11. dxe5 Nxe5 12. Nxe5 Qxe5 13. c4 Be6 14. cxd5 Nxd5 15. Nf3 {0-1 (26) Hamzic,S (2164)-Muratovic,E (2345) Bosna 2017}) 9. Re1 Bb7 10. Nf1 (10. b4 $11 {remains equal.}) 10... Ne4 11. Qe2 Nd7 12. Bxe4 (12. N1d2 $142) 12... dxe4 $17 13. N3d2 e5 14. Ng3 (14. Qc4 $17) 14... f5 15. Qc4+ Kh8 16. dxc5 (16. b4 $17) 16... Nxc5 $19 ({Don't take} 16... bxc5 17. a4 $17) ({But not} 16... Qxc5 17. Rd1 $17) 17. b4 Ba6 18. b5 Bc8 19. Ba3 Be6 20. Qe2 Rfd8 21. Bxc5 Qxc5 22. Rec1 Rd3 23. c4 Qb4 24. Ngf1 {[%cal Bg3f1,Bf1d2,Bd2b3][%mdl 32]} Rad8 {[%cal Rd3d2]} 25. Rc2 Bf8 {And now ...Qa4 would win.} 26. Rac1 Qa4 {aiming for ...Ba3.} 27. Nb1 Bc5 (27... h5 $142 28. f3 exf3 29. Qxf3 Kh7) 28. Nfd2 Qb4 29. Nb3 Be7 30. Kh2 Kg7 31. Kg1 h5 32. Kh2 Kh6 33. Kg1 Rc8 {[%cal Rc8c4]} 34. N1d2 Rcd8 35. Nb1 $1 Bg5 36. g3 $2 {[#]} (36. N1d2 $17 {is more resistant.}) 36... h4 (36... f4 $142 37. h4 Bg4 38. hxg5+ Kg7) 37. gxh4 Bxh4 38. N1d2 Bf7 39. Kh2 Be8 40. Kg1 g5 {[%cal Bg6g5,Bg5g4][%mdl 32]} 41. Qe1 Bh5 42. Kg2 $2 {[#]} (42. c5) 42... Rg8 (42... f4 $142 43. exf4 e3) 43. Kh2 $2 (43. c5 {was the crucial defense.}) 43... g4 44. Nf1 Qe7 45. c5 (45. Ng3 $142 Qg5 46. c5) 45... gxh3 46. Ng3 Bxg3+ 47. fxg3 Qg5 48. cxb6 axb6 (48... Rxe3 $142 49. Qf2 Rxg3 50. Rc6+ Kh7) 49. Rc6+ Rg6 50. Rxg6+ Bxg6 51. Rc3 Qg4 52. Rxd3 exd3 53. Qb4 Qxb4 54. Kg1 Qg4 55. Kh2 {Precision: White = 36%, Black = 46%.} 0-1

[Event "HUN-ch Rapid 2018"]
[Site "Ajka"]
[Date "2018.07.20"]
[Round "1"]
[White "Kaufmann, Attila"]
[Black "Prohaszka, Peter"]
[Result "0-1"]
[WhiteElo "1937"]
[BlackElo "2593"]
[Annotator "TA"]
[PlyCount "62"]
[EventDate "2018.07.20"]
[EventType "swiss"]
[EventCountry "HUN"]
[SourceTitle "playchess.com"]
[Source "ChessBase"]
[SourceQuality "1"]

{[%evp 18,62,0,0,69,-23,0,3,147,-31,-31,-39,-41,-87,0,-10,11,-21,-36,-46,-78,-72,-47,-157,-142,-146,-62,-72,-60,-81,-6,-134,-140,-151,-148,-141,-140,-148,-135,-130,-122,-118,0,-169,-127,-182,-165]} 1. d4 d5 2. Nf3 Nf6 3. c4 e6 4. Nc3 a6 5. e3 (5. cxd5 exd5 6. Bg5 Be6 7. e3 Nbd7 8. Bd3 Bd6 9. Bf4 Qe7 10. O-O O-O 11. h3 Rfe8 12. Qc2 {½-½ (12) Aronian,L (2805)-Carlsen,M (2837) Riadh 2017}) 5... b6 6. Bd3 {D37: Queen's Gambit Declined: 5 Bf4} Bb7 7. O-O Nbd7 8. Qe2 dxc4 9. Bxc4 c5 10. Rd1 {LiveBook: 13 Games} cxd4 (10... b5 $11 11. Bb3 c4) 11. Nxd4 (11. exd4 $14 Bd6 12. d5) 11... Qb8 12. e4 (12. Bb3 {looks sharper.} b5 13. e4 Bd6 14. g3 O-O 15. a3) 12... Bd6 (12... b5 $1 $11 13. Ndxb5 axb5 14. Bxb5 Ra5) 13. h3 $2 (13. Bxe6 $1 $16 Bxh2+ 14. Kh1 fxe6 15. Nxe6) 13... O-O $146 ({Predecessor:} 13... Nc5 14. Bd3 Bh2+ 15. Kh1 Be5 {1-0 (37) Lima,D (2500)-Estremera Panos,S (2345) Lalin 1994}) 14. Be3 b5 ({Much worse is} 14... Nxe4 $6 15. Nxe4 Bxe4 16. Nxe6 $1 $16 {[%mdl 512]}) 15. Bb3 {[#]} Nc5 ({Not} 15... Nxe4 16. Nxe4 Bxe4 {[#]} 17. Nxe6 $1 $16 {[%mdl 512]}) (15... b4 $1 $17 {[%cal Rb4c3]} 16. Nb1 Nc5) 16. f3 Nxb3 17. axb3 Nh5 18. Qd2 Bh2+ 19. Kf1 Rd8 20. Qe1 (20. g4 $15 Nf6 21. Qg2) 20... Ng3+ $17 21. Kf2 {[#]} Nxe4+ $1 {[%mdl 512]} 22. Nxe4 $15 Bxe4 23. Ne2 $1 Bd3 ({Better is} 23... Bd5 $17 24. g3 Qe5) 24. Qd2 (24. g3 $1 $11) 24... Bc7 $36 {[%mdl 2048] White is under strong pressure.} 25. Nd4 Bg6 26. Qe2 Bg3+ 27. Kg1 Qb7 28. b4 Bd6 29. Qe1 Qd5 (29... Be5 $17 {Threatens to win with ...Rd5.} 30. Rd2 h6) 30. Ra3 $2 (30. Rac1 $1 $11 {and White is okay.} Qb7 31. Nc6) 30... Bf8 {White must now prevent ...e5.} 31. Raa1 (31. Rc1 $17 {was called for.}) 31... Rdc8 {Precision: White = 28%, Black = 33%.} 0-1

[Event "HUN-ch Rapid 2018"]
[Site "Ajka"]
[Date "2018.07.20"]
[Round "1"]
[White "Guzs, Laszlo"]
[Black "Gledura, Benjamin"]
[Result "0-1"]
[WhiteElo "1927"]
[BlackElo "2574"]
[Annotator "TA"]
[PlyCount "72"]
[EventDate "2018.07.20"]
[EventType "swiss"]
[EventCountry "HUN"]
[SourceTitle "playchess.com"]
[Source "ChessBase"]
[SourceQuality "1"]

{[%evp 16,72,0,-17,44,-11,-22,-18,-4,-75,-59,-87,-88,-91,-81,-113,-107,-114,-116,-116,-108,-108,-110,-100,-98,-104,-97,-193,-199,-230,-233,-228,-234,-229,-224,-224,-219,-241,-242,-236,-235,-257,-214,-223,-223,-223,-223,-223,-223,-240,-251,-257,-255,-244,-241,-238,-202,-1563,-1552]} 1. c4 g6 2. Nc3 Bg7 3. g3 Nf6 4. Bg2 O-O 5. Nf3 d6 6. O-O e5 7. e4 Nc6 8. d4 exd4 9. Nxd4 {LiveBook: 5 Games} Bg4 {E62: King's Indian: Fianchetto: 6...c6 and Panno Variation (6...Nc6) without ...a6} (9... Nxd4 $11 10. Qxd4 Be6) (9... Nxe4 10. Nxc6 Nxc3 11. Nxd8 Nxd1 12. Nxb7 Bxb7 13. Bxb7 Rab8 14. Bf3 Nxb2 15. Bxb2 Rxb2 16. a4 a5 17. Rab1 {0-1 (34) Gulkov,I (2349)-Gajsin,E (2451) Internet 2006}) 10. f3 (10. Nxc6 $14 bxc6 11. Ne2) 10... Nxd4 $11 11. Qxd4 Be6 {The position is equal.} 12. Bg5 $146 (12. Qd3 $11) ({Predecessor:} 12. Be3 Nd5 13. Qd3 Nxe3 14. Qxe3 Bxc4 15. Rfd1 Re8 16. Qd2 {0-1 (53) Brito Cedeno,P (1901)-Soto Lora,J (2037) Santo Domingo 2016}) 12... h6 $17 13. Bxf6 Qxf6 14. Qxf6 Bxf6 15. Nd5 Bxb2 {Strongly threatening ...Bxd5.} 16. Rab1 Bd4+ 17. Kh1 Bb6 18. f4 c6 19. f5 cxd5 20. fxe6 dxc4 21. e7 (21. exf7+ $17 {is a better defense.} Rxf7 {[#]} 22. e5 $1 {[%mdl 512]} Rxf1+ 23. Rxf1) 21... Rfe8 $19 22. e5 dxe5 23. Bxb7 Rab8 24. Bd5 Rxe7 {And now ...c3 would win.} 25. Bxc4 Kg7 26. a4 Rc8 27. Bb5 e4 {[%cal Be5e4,Be4e3][%mdl 32]} 28. Rb2 e3 29. Re2 Ba5 30. Kg2 Bd2 31. Rf4 Rc5 32. g4 h5 33. gxh5 Rxh5 34. h4 Rhe5 35. Kf3 f5 36. Rg2 $2 {[#]} (36. Rd4) 36... e2 {Precision: White = 35%, Black = 75%.} 0-1

[Event "HUN-ch Rapid 2018"]
[Site "Ajka"]
[Date "2018.07.20"]
[Round "1"]
[White "Csiszar, Viktoria"]
[Black "Ruck, Robert"]
[Result "0-1"]
[WhiteElo "1919"]
[BlackElo "2570"]
[Annotator "TA"]
[PlyCount "112"]
[EventDate "2018.07.20"]
[EventType "swiss"]
[EventCountry "HUN"]
[SourceTitle "playchess.com"]
[Source "ChessBase"]
[SourceQuality "1"]

{[%evp 15,111,6,13,-8,-8,-71,-72,-107,-114,-108,-33,-174,-184,-237,-252,-275,-287,-402,-400,-361,-265,-362,-337,-314,-308,-303,-321,-329,-320,-345,-349,-328,-335,-438,-428,-449,-429,-420,-339,-420,-331,-355,-367,-354,-352,-365,-375,-363,-331,-339,-288,-368,-368,-441,-424,-513,-514,-631,-609,-673,-669,-713,387,386,268,0,0,0,0,0,0,-283,-242,-215,-237,-216,-232,-212,0,-195,-197,-140,0,0,0,-957,-835,-960,-617,-690,0,-12837,0,-12840,-12839,-12842,-12842,-29999]} 1. e4 c6 2. d4 d5 3. Nc3 dxe4 4. Nxe4 Bf5 5. Ng3 Bg6 6. Nf3 Nd7 7. Bc4 e6 8. O-O Ngf6 {LiveBook: 103 Games} 9. Ng5 {B18: Classical Caro-Kann: 4...Bf5 sidelines} (9. Re1 Be7 10. Nh4 Nd5 11. Nxg6 hxg6 12. c3 Qc7 13. Qf3 N7f6 14. h3 O-O-O 15. Ne4 Nxe4 16. Rxe4 Bd6 17. Bd2 Rh5 {0-1 (119) Vokarev,S (2443)-Riazantsev,A (2666) Sochi 2017}) 9... h6 10. Nxe6 $146 (10. Nf3 $11) ({Predecessor:} 10. Nh3 Nb6 11. Bb3 Bh7 12. Nf4 Qd7 13. Re1 Bg8 14. c4 O-O-O 15. Be3 Bh7 16. Qf3 Kb8 {0-1 (60) Toufighi,H (2425)-Braun,A (2533) Gaziantep 2008}) 10... fxe6 $17 11. Bxe6 {Black is better.} Qc7 12. c4 Bd6 (12... O-O-O $17 13. c5 b6) 13. Re1 (13. Bf5 Bxf5 14. Nxf5 O-O $17) (13. c5 $1 $15 Bf4 14. Qa4) 13... O-O-O $19 14. Qa4 (14. c5 {was necessary.} Bf4 15. Qf3 Bxc1 16. Raxc1) 14... Kb8 15. Be3 Rhe8 16. Bh3 (16. Bxd7 {was worth a try.} Nxd7 17. Rad1) 16... Nb6 17. Qb3 Bf4 18. a4 Bxe3 19. fxe3 c5 20. a5 Nc8 (20... cxd4 21. axb6 Qxb6 22. Qxb6 $11) 21. d5 Nd6 22. a6 b6 23. Be6 Bf7 24. Bh3 Nfe4 25. Nf5 Bg6 26. Nxd6 Nxd6 ({Less strong is} 26... Rxd6 27. Qd1 $19) 27. Be6 Bf7 28. Bxf7 Qxf7 ({Don't play} 28... Nxf7 29. Rf1 $19) 29. Rf1 Qe7 30. Rf3 Qe4 31. Rc1 Re7 32. Qc3 Qe5 33. Qa3 Rde8 34. b4 Rc7 35. Qa4 Qb2 36. Rcf1 Qxb4 37. Qc2 Qxc4 38. Qg6 Qe4 $4 {[%mdl 8192]} (38... Qxd5 $19 39. Rf8 Rce7 40. Rxe8+ Nxe8) 39. Qxd6 $18 {Black must now prevent Rf8.} Qe7 40. Qxe7 $2 ({White must play} 40. Qg3 $1 $18 Rd8 41. Rf7) 40... Rcxe7 {[%mdl 4096] Endgame KRR-KRR} 41. d6 Rd7 $1 42. Rf7 Kc8 ({Wrong is} 42... Rxd6 $2 43. Rb7+ Kc8 44. Rxa7 $18) 43. Rxd7 $4 {[%mdl 8192]} (43. R1f4 $11) 43... Kxd7 $11 {KR-KR} 44. Rf7+ Kxd6 45. Rxa7 Rxe3 46. Rxg7 Ra3 $2 (46... c4 $1 $19 47. a7 Ra3) 47. a7 $2 (47. Rg6+ $11 {and White is okay.} Kc7 48. h4) 47... c4 {And now ...c3 would win.} 48. Kf2 Kc5 (48... b5 $17 49. Ke2 Kc5) 49. Rc7+ Kd4 50. Ke2 $2 {[%mdl 8192]} (50. g4 $11) 50... Ra2+ 51. Kd1 b5 52. Kc1 {[#]} b4 $2 (52... Kc3 $1 $19 {[%cal Ra2a1]} 53. Kb1 Ra6) 53. g4 $2 {[%mdl 8192] [#]} (53. Kb1 $11 b3 54. Rb7) 53... b3 $2 ({Black should play} 53... Kc3 $1 $19 {[%cal Ra2a1]} 54. Kb1 Ra6) 54. h4 $2 {[%mdl 8192]} (54. Kb1 $11) 54... c3 $19 {[%cal Ra2a1]} 55. Rd7+ Ke4 {[%cal Ra2a1]} 56. g5 Ra1# {Precision: White = 23%, Black = 72%.} 0-1

[Event "HUN-ch Rapid 2018"]
[Site "Ajka"]
[Date "2018.07.20"]
[Round "1"]
[White "Kovacsy, Barnabas"]
[Black "Vertetics, Attila"]
[Result "0-1"]
[WhiteElo "1909"]
[BlackElo "2506"]
[Annotator "TA"]
[PlyCount "68"]
[EventDate "2018.07.20"]
[EventType "swiss"]
[EventCountry "HUN"]
[SourceTitle "playchess.com"]
[Source "ChessBase"]
[SourceQuality "1"]

{[%evp 15,68,37,30,31,108,-9,-10,-17,-3,-9,-7,0,40,0,0,-38,-22,-32,-36,-36,-34,-33,-34,-28,-46,-88,-79,-177,-106,-120,-97,-107,-106,-133,-127,-133,-95,-117,-122,-83,-95,-314,-318,-491,-253,-244,-261,-282,-269,-461,-460,-598,-585,-1177,-1139]} 1. e4 c6 2. d4 d5 3. Nc3 g6 4. e5 f6 5. f4 Nh6 6. Nf3 {B15: Caro-Kann: 3 Nc3: 3...g6 and 3...dxe4 4 Nxe4 Nf6 5 Nxf6+ exf6} Bg4 7. h3 Bxf3 8. Qxf3 Nf5 {LiveBook: 4 Games} 9. Be3 Bg7 (9... e6 $14) 10. g4 $146 ({White should play} 10. Bf2 $16) ({Predecessor:} 10. Bf2 fxe5 11. dxe5 e6 12. g4 Nh4 13. Qg3 g5 14. Bd3 Nd7 15. O-O-O O-O 16. Ne2 b5 17. Kb1 {0-1 (34) Pelletier,Y (2581)-Iordachescu,V (2627) playchess.com INT 2004}) 10... Nxe3 $11 11. Qxe3 fxe5 $1 12. fxe5 e6 13. O-O-O Qh4 14. Rg1 O-O 15. Bd3 Nd7 16. Ne2 Rf7 17. g5 Raf8 $36 {[%mdl 2048] Black has good play.} 18. Rg4 Qf2 19. Qxf2 Rxf2 20. Kd2 Rh2 21. Rg3 (21. Ke3 $17) 21... Rff2 ({Better is} 21... c5 $1 $19 {[%cal Rc5d4] ...cxd4 is the strong threat.} 22. Bb5 Nb8) 22. Re1 $17 c5 {[%cal Bc6c5,Bc5c4][%mdl 32]} 23. c3 Bf8 {Threatens to win with ...cxd4.} 24. a3 c4 25. Bc2 Be7 26. Bd1 b5 27. Reg1 Nb6 28. Ke3 $2 {[#]} (28. Ke1 $17) 28... Na4 $1 $19 29. Rf3 {[#]} (29. Nf4 {keeps fighting.} Rxb2 30. Bxa4 bxa4 31. Rd1) 29... Rxf3+ (29... Bxg5+ $142 $1 {[%mdl 512]} 30. Nf4 (30. Rxg5 Nxb2) 30... Rxb2 31. Rxg5 Nxc3) 30. Kxf3 {And now Kg3 would win.} Rxh3+ 31. Kg2 Rh5 32. Bxa4 $2 (32. Nf4 Rxg5+ 33. Kh2 Nxb2 34. Bg4 Rxg4 35. Rxg4) 32... Rxg5+ {Black is clearly winning.} (32... bxa4 $2 33. Ng3 $19) 33. Kf3 {Black must now prevent Rxg5.} Rxg1 34. Nxg1 bxa4 {Precision: White = 40%, Black = 67%.} 0-1

[Event "HUN-ch Rapid 2018"]
[Site "Ajka"]
[Date "2018.07.20"]
[Round "1"]
[White "Sarmasi, Peter"]
[Black "Horvath, Adam"]
[Result "0-1"]
[WhiteElo "1836"]
[BlackElo "2479"]
[Annotator "TA"]
[PlyCount "64"]
[EventDate "2018.07.20"]
[EventType "swiss"]
[EventCountry "HUN"]
[SourceTitle "playchess.com"]
[Source "ChessBase"]
[SourceQuality "1"]

{[%evp 13,64,0,30,41,14,-7,-13,-59,-56,-59,-39,-52,-52,-59,-60,-75,-71,-60,-63,-89,-50,-68,-56,-113,-109,-112,-116,-197,-179,-182,-168,-168,-127,-122,-97,-216,-129,-127,-37,-122,-126,-125,-119,-119,-104,-86,-53,-111,-117,-151,-2,-264,-275]} 1. e4 c5 2. Nf3 e6 3. g3 Nc6 4. Bg2 Nf6 5. d3 d5 6. Nbd2 e5 {C00: French: Unusual White 2nd moves} (6... Be7 7. O-O O-O 8. Re1 b5 9. e5 Nd7 10. Nf1 Bb7 11. h4 Qc7 12. Bf4 Rfc8 13. Ne3 Qd8 14. Ng4 Bf8 15. Bg5 Qe8 16. c3 h6 17. Bf4 a5 18. Qd2 b4 19. c4 Ne7 20. h5 {1-0 (59) Kuzubov,Y (2699)-Grischuk,A (2772) Riadh 2017}) 7. O-O Be7 {LiveBook: 6 Games} 8. exd5 Nxd5 {White is slightly better.} 9. Nc4 f6 $1 10. h3 O-O 11. Ne3 $146 ({Predecessor:} 11. Nh2 Be6 12. f4 exf4 13. gxf4 Qd7 14. f5 Bf7 15. Qg4 {0-1 (25) Rago,R-Forintos,G (2445) Porto San Giorgio 1994}) 11... Nc7 12. Bd2 Be6 13. Qe2 Qd7 14. Kh2 Rfe8 15. Rfe1 Rad8 16. Qf1 Bf8 17. Rad1 Nd4 ({Of course not} 17... Bxa2 $6 18. b3 $14) 18. Nxd4 (18. Qh1 $15) 18... cxd4 $17 19. Nc4 Nd5 20. Bc1 (20. Rc1 $17) 20... Rc8 21. Re2 b5 22. Na5 Nb4 23. a3 Nxc2 24. f4 (24. b4 $17) 24... Bf7 (24... exf4 $19 25. Bxf4 Ne3 $1 {[%mdl 512]} 26. Bxe3 dxe3) 25. fxe5 fxe5 (25... Bh5 $17 26. Bf3 Rxe5 27. Rxe5 Bxf3 28. Qxf3 fxe5) 26. Qf2 {[#]} (26. Bb7 $1 $15) 26... Ne3 $1 {[%mdl 512]} 27. Bxe3 dxe3 28. Qxe3 {[#]} Bh5 $1 $36 {[%mdl 2048] aiming for ...e4. White is under strong pressure.} 29. g4 Bf7 {...e4! is the strong threat.} 30. b4 ({White should play} 30. Bb7 $15) 30... Rc3 31. Qd2 Rec8 {[#]} ({Black should try} 31... Qc7 $17 {And now ...e4+ would win.} 32. Be4 Rxa3) 32. Kh1 $2 {[%mdl 8192]} (32. Nc4 $1 $11 {[%mdl 512]}) 32... Rxa3 {Precision: White = 25%, Black = 42%.} 0-1

[Event "HUN-ch Rapid 2018"]
[Site "Ajka"]
[Date "2018.07.20"]
[Round "1"]
[White "Veber, Richard"]
[Black "Horvath, Peter"]
[Result "0-1"]
[WhiteElo "1821"]
[BlackElo "2438"]
[Annotator "TA"]
[PlyCount "60"]
[EventDate "2018.07.20"]
[EventType "swiss"]
[EventCountry "HUN"]
[SourceTitle "playchess.com"]
[Source "ChessBase"]
[SourceQuality "1"]

{[%evp 19,60,-13,0,-11,-11,-22,-12,-38,0,-77,-90,-166,-169,-154,-156,-180,-173,-207,-202,-249,-242,-189,-168,-389,-384,-370,-351,-570,-555,-672,-651,-894,-859,-842,-837,-1482,-999,-1282,-1256,-1268,-1223,-29997,-29998]} 1. e4 c5 2. Nc3 Nc6 3. g3 g6 4. Bg2 Bg7 5. d3 d6 6. Be3 e5 7. Qd2 Nge7 8. Nge2 Nd4 9. O-O O-O 10. f4 Rb8 {LiveBook: 10 Games} 11. fxe5 {B26: Closed Sicilian: 3 g3, lines with early Be3} (11. h3 b5 12. g4 b4 13. Nd1 Nxe2+ 14. Qxe2 exf4 15. Bxf4 Nc6 16. Qd2 Be6 17. Bh6 Be5 18. c3 Re8 19. Ne3 Qh4 20. Nd5 Bxd5 21. exd5 Qg3 22. dxc6 Qh2+ 23. Kf2 Qg3+ 24. Kg1 Qh2+ 25. Kf2 {½-½ (25) Cubas,J (2534)-Bachmann,A (2566) Luque 2012}) 11... dxe5 12. Rf2 Be6 13. a4 $146 {The position is equal.} ({Predecessor:} 13. Raf1 Qd7 14. Nd1 Rbc8 15. b3 b5 16. Nc1 Qd6 17. c3 Ndc6 18. Bf3 Rfd8 {0-1 (47) Rossi,L (2019)-Garnier,R (2042) Buenos Aires 2007}) 13... c4 14. Bxd4 (14. dxc4 $11 Bxc4 15. Rd1) 14... exd4 $17 15. Nb5 (15. Nd1 $17) 15... a6 $36 {[%cal Ba7a6,Ba6b5,Bb5b4][%mdl 2080] Black has strong initiative.} 16. Na3 {[#]} c3 $1 {[%cal Rc3d2][%mdl 512]} 17. bxc3 dxc3 18. Qe1 {[#]} b5 $1 19. axb5 axb5 20. Kh1 b4 21. Nb1 $2 (21. Nc4 {was the only defense.}) 21... Nc6 {[%cal Be7c6,Bc6d4,Bd4f3][%mdl 32]} 22. Nf4 Nd4 23. Nxe6 $2 (23. Bf3) 23... fxe6 24. Bh3 Qg5 25. Ra2 Rxf2 26. Qxf2 Rf8 27. Qe1 Nf3 28. Bxe6+ Kh8 29. Qd1 Qe3 {( -> ...Qf2)} 30. Nxc3 Qf2 {Precision: White = 17%, Black = 91%.} 0-1

[Event "HUN-ch Rapid 2018"]
[Site "Ajka"]
[Date "2018.07.20"]
[Round "1"]
[White "Erseki, Tamara"]
[Black "Mihok, Oliver"]
[Result "0-1"]
[WhiteElo "1813"]
[BlackElo "2426"]
[Annotator "TA"]
[PlyCount "132"]
[EventDate "2018.07.20"]
[EventType "swiss"]
[EventCountry "HUN"]
[SourceTitle "playchess.com"]
[Source "ChessBase"]
[SourceQuality "1"]

{[%evp 24,132,31,0,54,52,45,36,107,0,0,0,0,0,0,0,0,0,0,0,0,0,0,0,-11,-33,-32,-32,-37,-26,-35,-38,0,-33,-20,-9,-7,-14,0,0,0,0,0,-12,0,-14,-8,-6,0,-62,-17,-22,0,0,0,0,0,0,0,0,11,-17,-6,-21,0,0,0,0,13,13,13,13,263,0,145,0,20,0,0,0,0,-47,0,0,0,0,0,-127,-112,-218,0,0,0,-1118,-1246,-542,-8,-18,-50,-921,-672,-1769,420,-12840,-1276,-29987,-29988,-29988,-29989,-29989,-12847]} 1. e4 c5 2. Nf3 e6 3. d4 cxd4 4. Nxd4 Nc6 5. Nc3 Qc7 6. Be2 a6 7. O-O Nf6 8. Kh1 Nxd4 9. Qxd4 Bc5 10. Qd3 b5 11. f4 Bb7 12. Bf3 h5 13. Be3 {LiveBook: 6 Games. B47: Sicilian: Taimanov: 5 Nc3 Qc7 6 f4, 6 g3 and 6 Be2} Ng4 (13... Bxe3 $11 14. Qxe3 d6) 14. Bxc5 $14 Qxc5 15. Rad1 {White is slightly better.} O-O-O {[#]} (15... Rd8 $14) 16. Rd2 $146 (16. e5 $1 $16) ({Predecessor:} 16. e5 f5 17. exf6 Nxf6 18. a4 bxa4 19. Nxa4 Qb4 20. Bxb7+ Kxb7 21. Ra1 Rc8 22. Ra3 Rc4 23. Rb3 Ka7 24. Qe3+ {1-0 (24) Hansen,S (2536)-Lindberg,B (2471) Sweden 2001}) 16... Ne3 $11 17. Rb1 Nc4 18. Rdd1 g5 19. b4 Qe3 20. fxg5 Qxg5 21. a4 Rhg8 22. axb5 axb5 23. Rg1 Bc6 24. Qd4 Qe3 25. Qxe3 Nxe3 26. Bxh5 Rg5 27. Bf3 ({Don't blunder} 27. Bxf7 $2 Rf8 $19) 27... Nxc2 28. Rb2 (28. Ne2 {is interesting.} Ne3 29. Rgc1 Rh8 30. Nd4 Kb7 31. Ra1) 28... Nd4 (28... Ne3 {looks sharper.} 29. Ra2 Rh8 30. h3 Kd8 31. Re1 Nc4) 29. Ne2 Nxe2 30. Rxe2 Re5 31. Rge1 Rh8 32. Kg1 Kc7 33. h3 Ra8 34. Kf2 Ra3 35. Re3 Ra2+ 36. Kg3 (36. R1e2 $11 Ra4 37. Rb2) 36... Rg5+ 37. Kh4 Rg7 (37... f6 {keeps more tension.} 38. R1e2 Ra4 39. Rb3 Ra1 40. g4 Kd6) 38. R1e2 Ra8 39. g4 $1 Ra4 40. Rb2 f6 41. Kg3 Kd6 42. Kf4 Rh7 43. Bg2 (43. Rd3+ {is more complex.} Ke7 44. Kg3 e5 45. h4 Ra1 46. Re3) 43... Ke7 44. Kg3 Ra8 45. h4 Rah8 46. h5 Rg8 47. Kh4 Kd6 $2 {[#]} (47... Rhg7 $11 48. Bf3 Rg5) 48. Rg3 $2 (48. e5+ $1 $18 {[%mdl 512]} fxe5 49. Bxc6 dxc6 50. Rd2+ Ke7 51. Rxe5) 48... Rg5 {[#]} (48... Ke5 $11) 49. Re3 (49. Rf2 $1 $16) 49... Ke5 50. Rbb3 Rhg7 $36 {[%mdl 2048] Black has good play.} 51. Bf3 Kf4 52. Kh3 f5 53. exf5 exf5 54. Bxc6 $1 {Strongly threatening Bg2.} fxg4+ 55. Kg2 (55. Kh4 $11 {was the only way to keep the balance.} dxc6 56. Re1) 55... dxc6 $17 {[%mdl 4096] Endgame KRR-KRR} 56. h6 {[#]} (56. Re6 $17 {only move.}) 56... Ra7 $2 ({Black should play} 56... R7g6 $1 $19 57. h7 Rh6) 57. Re6 $11 Ra2+ 58. Kf1 $2 {[%mdl 8192]} (58. Kg1 $11) 58... Rh5 $19 {[%cal Rh5h1]} 59. Kg1 Rc2 $2 (59... Rah2 $19 60. Rf6+ Ke4) 60. Rbe3 Rc4 61. Re2 $2 {[%mdl 8192]} (61. Re1 $15) 61... g3 62. Rf6+ Kg5 $4 {[%mdl 8192]} (62... Kg4 $19 {and all is fine. ( -> ...Rc1+)} 63. Ree6 Rxb4 64. Rxc6 Rb2) 63. Rf3 $4 {[%mdl 8192]} (63. Re5+ $18 Kxf6 64. Rxh5) 63... Kg4 (63... Rc1+ $142 64. Rf1 Rxf1+ 65. Kxf1 Rxh6 66. Re5+ Kg4) 64. Rf6 Rc1+ {Black mates.} 65. Rf1 Rxf1+ 66. Kxf1 Kf3 {Precision: White = 40%, Black = 39%.} (66... Rh1+ $142 67. Kg2 Rh2+ 68. Kf1 Kf3 69. Rxh2 gxh2 70. Ke1 h1=Q+ 71. Kd2 Qxh6+ 72. Kc2 Ke2 73. Kb3 Qd2 74. Ka3 Kd1 75. Kb3 Kc1 76. Ka3 Qb2#) 0-1